000 00543nam a2200181Ia 4500
003 GCL
008 140319s9999 xx 000 0 ara d
040 _aGCL /
_cGCL
082 0 4 _a816
_bم ر
100 1 _aمحمود محمد شاكر
245 1 0 _aرسالة فى الطريق الى ثقافتنا /
_cمحمود محمد شاكر
300 _a156 ص
490 _aكتاب
_v0
650 0 4 _aالادب العربى
650 0 4 _aالاستشراق والمستشرقون
650 0 4 _aالرسائل الادبية
942 _2ddc
_cBK
999 _c41610
_d41610